| 000 | 01119cab a2200289 4500 | ||
|---|---|---|---|
| 001 | ABS56885 | ||
| 008 | 090401t1997 xxu||||| |||| 00| 0 eng d | ||
| 035 | _a(Sirsi) u77858 | ||
| 041 | _aeng | ||
| 100 | _aWinter, M. | ||
| 245 | _aNow it`s your neck too | ||
| 260 | _c1997 | ||
| 350 | _a0 | ||
| 490 |
_aEstates Gazette _v(9713) 29 March 1997, 112-114(3) |
||
| 520 | _aReviews the `six-pack` health and safety regulations and discusses how they should be interpreted - with particular reference to the property industry. | ||
| 650 | _aHEALTH AND SAFETY (DISPLAY SCREEN EQUIPMENT) REGULATIONS 1992 | ||
| 650 | _aHEALTH AND SAFETY REGULATIONS | ||
| 650 |
_aHEALTH AND SAFETY _96244 |
||
| 650 | _aMANAGEMENT OF HEALTH AND SAFETY AT WORK REGULATIONS | ||
| 650 | _aMANUAL HANDLING OPERATIONS REGULATIONS 1992 | ||
| 650 | _aPERSONAL PROTECTIVE EQUIPMENT AT WORK REGULATIONS 1992 | ||
| 650 | _aPROVISION AND USE OF WORK EQUIPMENT REGULATIONS 1992 | ||
| 650 | _aWORKPLACE (HEALTH, SAFETY AND WELFARE) REGULATIONS 1992 | ||
| 690 | _aOFFICE SERVICES AND ADMINISTRATION | ||
| 942 | _n0 | ||
| 948 | _c22/04/1997 | ||
| 999 |
_c48950 _d48950 |
||